Carregant...
Orittu vellathinu vendi. /
| Autor principal: | |
|---|---|
| Format: | Printed Book |
| Idioma: | Malayalam |
| LEADER | 00381nam a2200109Ia 4500 | ||
|---|---|---|---|
| 008 | 150624b ii ||||| |||| 00| 0 mal d | ||
| 082 | |a 853.3G2 | ||
| 100 | |a George Nellayi. | ||
| 245 | |a Orittu vellathinu vendi. / |c George Nellayi. | ||
| 942 | |c BK | ||
| 999 | |c 34480 |d 34480 | ||
| 952 | |0 1 |1 0 |4 0 |6 853_000000000000000_3G2_ORI_M |7 0 |9 34479 |a UL |b UL |c ST1 |d 1998-09-15 |g 32.00 |l 0 |o 853.3G2 ORI M |p 47310 |r 2012-10-27 |y BK | ||